Catálogo
 En Linea

Los viajes de Gulliver / (Registro nro. 40350)

Detalles MARC
000 -CABECERA
campo de control de longitud fija 00681nam a2200205 a 4500
001 - NÚMERO DE CONTROL
campo de control 000040860
005 - FECHA Y HORA DE LA ÚLTIMA TRANSACCIÓN
campo de control 20201002034432.0
008 - DATOS DE LONGITUD FIJA--INFORMACIÓN GENERAL
campo de control de longitud fija 130909s2003 sp ac 000 0 spa d
020 ## - NÚMERO INTERNACIONAL ESTÁNDAR DEL LIBRO
Número Internacional Estándar del Libro 843761094X
040 ## - FUENTE DE LA CATALOGACIÓN
Centro catalogador/agencia de origen DO-SdBNP
Lengua de catalogación spa
Centro/agencia transcriptor BNPHU
100 1# - ENTRADA PRINCIPAL--NOMBRE DE PERSONA
Nombre de persona Swift, Jonathan
9 (RLIN) 67282
240 10 - TÍTULO UNIFORME
Título uniforme Guilliver´s travels
Lenguaje de la obra Español
245 #4 - MENCIÓN DE TÍTULO
Título Los viajes de Gulliver /
Mención de responsabilidad, etc. Jonathan Swift ; edición Pilar Elena ; traducción Pollux Hernúñez.
250 ## - MENCIÓN DE EDICIÓN
Mención de edición 3a ed.
260 ## - PUBLICACIÓN, DISTRIBUCIÓN, ETC.
Lugar de publicación, distribución, etc. Madrid :
Nombre del editor, distribuidor, etc. Cátedra,
Fecha de publicación, distribución, etc. 2003.
300 ## - DESCRIPCIÓN FÍSICA
Extensión 578 p. :
Otras características físicas ils., retr. ;
Dimensiones 19 cm.
500 ## - NOTA GENERAL
Nota general Incluye notas al pie de las páginas
700 1# - PUNTO DE ACCESO ADICIONAL--NOMBRE DE PERSONA
Nombre de persona Elena, Pilar,
Término indicativo de función/relación ed.
9 (RLIN) 67283
700 1# - PUNTO DE ACCESO ADICIONAL--NOMBRE DE PERSONA
Nombre de persona Hernúñez, Pollux,
Término indicativo de función/relación trad.
9 (RLIN) 67284
Existencias
Estado de retiro Estado de pérdida Restricciones de uso No para préstamo Código de colección Localización permanente Ubicación/localización actual Ubicación en estantería Fecha de adquisición Número de inventario Total de préstamos Signatura topográfica completa Código de barras Fecha visto por última vez Precio válido a partir de Tipo de ítem Koha
        Monografías: Libros y Folletos General General En catalogación 09.09.2013 LF1   40860-10 25.06.2020 25.06.2020 Préstamo en sala

Con tecnología Koha